[Event "American Cup Champ w"]
[Site "Saint Louis USA"]
[Date "2024.03.12"]
[Round "1.1"]
[White "Zatonskih, Anna"]
[Black "Paikidze, Nazi"]
[Result "0-1"]
[WhiteTitle "IM"]
[BlackTitle "IM"]
[WhiteElo "2348"]
[BlackElo "2319"]
[WhiteFideId "14101572"]
[BlackFideId "13603620"]
[EventDate "2024.03.12"]
[EventType "k.o."]

1. d4 Nf6 2. c4 d6 3. Nc3 Nbd7 4. e4 e5 5. Be3 g6 6. f3 Bg7 7. d5 Nh5 8. Nge2 f5
9. Qd2 f4 10. Bf2 O-O 11. Nc1 a5 12. Be2 Nc5 13. g4 Nf6 14. h4 h5 15. g5 Nfd7
16. b3 Qe7 17. Rb1 c6 18. O-O Rf7 19. Rd1 Bf8 20. a3 cxd5 21. cxd5 Qd8 22. b4
axb4 23. axb4 Na6 24. Nb5 Be7 25. Nb3 Nf8 26. Rdc1 Nh7 27. Na7 Bxg5 28. Nxc8
Bxh4 29. Bxh4 Qxh4 30. Bxa6 Rxa6 31. Qg2 Qd8 32. Rc3 g5 33. Rbc1 g4 34. Nd2 Ra2
35. fxg4 Rg7 36. Kf1 Nf6 37. Ke1 hxg4 38. Qg1 Ne8 39. Kd1 Qh4 40. Nb6 Nf6 41.
Nbc4 g3 42. Nf3 Qh5 43. Nd2 Ng4 44. Rc8+ Kh7 45. R1c7 Nf2+ 46. Ke2 Rxd2+ 47.
Kxd2 Qxf3 48. Kc2 Qxe4+ 49. Kb3 Qxd5+ 50. Ka3 Qh1 51. Rc1 Qxg1 52. Rxg1 f3 53.
Rc2 e4 54. Kb3 d5 55. Rd2 Rg5 56. Rc2 Kg6 57. Kc3 Nh3 58. Rh1 g2 0-1

[Event "American Cup Champ w"]
[Site "Saint Louis USA"]
[Date "2024.03.12"]
[Round "1.1"]
[White "Krush, Irina"]
[Black "Tang, Zoey"]
[Result "0-1"]
[WhiteTitle "GM"]
[BlackTitle "FM"]
[WhiteElo "2421"]
[BlackElo "2253"]
[WhiteFideId "2012782"]
[BlackFideId "30952530"]
[EventDate "2024.03.12"]
[EventType "k.o."]

1. c4 e5 2. g3 Nc6 3. Bg2 g6 4. Nc3 Bg7 5. Rb1 a5 6. e3 Nge7 7. d3 d6 8. Nge2
Be6 9. Nd5 O-O 10. O-O Nb4 11. Nxe7+ Qxe7 12. a3 Nc6 13. Nc3 Qd7 14. Re1 f5 15.
Nd5 a4 16. Nc3 e4 17. Nxa4 Ne5 18. b3 Nxd3 19. Re2 b5 20. Nb2 bxc4 21. bxc4 Rxa3
22. Nxd3 Rxd3 23. Qe1 Bxc4 24. Bf1 Rc3 25. Reb2 Bxf1 26. Qxf1 Rd3 27. Rd2 Rxd2
28. Bxd2 d5 29. Qc1 f4 30. exf4 d4 31. Rb7 Rc8 32. Qc4+ Kh8 33. Kg2 h5 34. h3
Qd6 35. Ba5 e3 36. Rxc7 Rxc7 37. Bxc7 Qe7 38. fxe3 Qe4+ 39. Kh2 Qxe3 40. Qa2 d3
41. Ba5 h4 42. Qg2 Kh7 43. Bd2 hxg3+ 44. Kh1 Qf2 45. Qxf2 gxf2 46. Kg2 Bd4 47.
Kf1 Kg7 48. f5 gxf5 49. Kg2 Kg6 50. Bf4 Kf6 51. Kf1 Ke6 52. h4 Kd5 53. h5 Kc4
54. h6 Kc3 55. h7 d2 0-1

[Event "American Cup Champ w"]
[Site "Saint Louis USA"]
[Date "2024.03.12"]
[Round "1.1"]
[White "Tokhirjonova, Gulrukhbegim"]
[Black "Yu, Jennifer"]
[Result "1-0"]
[WhiteTitle "WGM"]
[BlackTitle "FM"]
[WhiteElo "2365"]
[BlackElo "2279"]
[WhiteFideId "14203626"]
[BlackFideId "2078341"]
[EventDate "2024.03.12"]
[EventType "k.o."]

1. d4 d5 2. c4 dxc4 3. Nf3 Nf6 4. e3 e6 5. Bxc4 a6 6. O-O b5 7. Be2 Bb7 8. a4 b4
9. Nbd2 Nbd7 10. Nb3 Bd5 11. Bd2 c5 12. Rc1 Ne4 13. Be1 Qb6 14. Bd3 Be7 15. Bxe4
Bxe4 16. dxc5 Nxc5 17. a5 Qb5 18. Nxc5 Bxc5 19. Nd4 Bxd4 20. Qxd4 Bd3 21. Bxb4
Rd8 22. Qxg7 Qxb4 23. Qxh8+ Kd7 24. Qf6 Bxf1 25. Qxf7+ Qe7 26. Rc7+ 1-0

[Event "American Cup Champ w"]
[Site "Saint Louis USA"]
[Date "2024.03.12"]
[Round "1.1"]
[White "Lee, Alice"]
[Black "Abrahamyan, Tatev"]
[Result "1-0"]
[WhiteTitle "IM"]
[BlackTitle "WGM"]
[WhiteElo "2356"]
[BlackElo "2308"]
[WhiteFideId "30941822"]
[BlackFideId "13301918"]
[EventDate "2024.03.12"]
[EventType "k.o."]

1. d4 Nf6 2. c4 e6 3. Nf3 d5 4. g3 dxc4 5. Bg2 a6 6. O-O Nc6 7. Be3 Be7 8. Nbd2
Nd5 9. Nxc4 Nxe3 10. fxe3 O-O 11. Rc1 Bf6 12. Qb3 Qe7 13. Nfd2 e5 14. Bxc6 bxc6
15. Nxe5 Bxe5 16. dxe5 Bh3 17. Rf4 Qxe5 18. Nf3 Qe7 19. Kf2 Rab8 20. Qc3 Rfe8
21. b3 Rb6 22. Qc5 Bd7 23. Qxe7 Rxe7 24. Rd4 h6 25. b4 Be6 26. a4 Bd5 27. Nd2 f5
28. g4 fxg4 29. e4 Bf7 30. a5 Rb8 31. Rxc6 Ra8 32. Ke3 Be8 33. Rc5 Bb5 34. Nb1
Be8 35. Rcd5 Rb8 36. Nc3 Rb7 37. Rd8 Kh7 38. Nd5 Re6 39. Rc8 Bc6 40. Nxc7 Rf6
41. Nxa6 Bxe4 42. Rxe4 Rxa6 43. Rxg4 Re6+ 44. Kd3 Rbe7 45. e4 h5 46. Rf4 g5 47.
Rf5 Rxe4 48. Rxg5 Rxb4 49. Rxh5+ Kg6 50. Rhc5 Ra4 51. R8c6+ Kf7 52. Rh5 Rd7+ 53.
Kc3 Rd1 54. Rh7+ Kg8 55. Rb7 Rd8 56. a6 Ra8 57. Rbb6 Kf7 58. Kb3 Ra1 59. Kc4 Ra5
60. Kb4 Ra1 61. Kc5 Ke7 62. Rh6 Rc1+ 63. Kb5 1-0

[Event "American Cup Champ w"]
[Site "Saint Louis USA"]
[Date "2024.03.13"]
[Round "1.2"]
[White "Paikidze, Nazi"]
[Black "Zatonskih, Anna"]
[Result "1-0"]
[WhiteTitle "IM"]
[BlackTitle "IM"]
[WhiteElo "2319"]
[BlackElo "2348"]
[WhiteFideId "13603620"]
[BlackFideId "14101572"]
[EventDate "2024.03.12"]
[EventType "k.o."]

1. d4 d5 2. c4 e6 3. Nc3 Nf6 4. g3 dxc4 5. Bg2 Nbd7 6. Nf3 Nb6 7. O-O Be7 8. e4
O-O 9. Qe2 c5 10. Rd1 cxd4 11. Rxd4 Qe8 12. Bf4 Bc5 13. Rd2 Ng4 14. Bd6 Bxd6 15.
Rxd6 e5 16. a4 Be6 17. Ng5 Qe7 18. Rxe6 Qxg5 19. Rd6 Nf6 20. Rad1 Ne8 21. h4 Qe7
22. R6d2 Qb4 23. Nd5 Nxd5 24. Rxd5 Qxa4 25. Rxe5 Qb4 26. Red5 Nc7 27. R5d4 b5
28. e5 Rae8 29. Kh2 Ne6 30. Rd5 Nc5 31. Qd2 Qxd2 32. R1xd2 Rc8 33. f4 a5 34. f5
Rfe8 35. f6 gxf6 36. exf6 b4 37. Bh3 Rc7 38. Rg5+ Kf8 39. Bf5 c3 40. Bxh7 1-0

[Event "American Cup Champ w"]
[Site "Saint Louis USA"]
[Date "2024.03.13"]
[Round "1.2"]
[White "Tang, Zoey"]
[Black "Krush, Irina"]
[Result "0-1"]
[WhiteTitle "FM"]
[BlackTitle "GM"]
[WhiteElo "2253"]
[BlackElo "2421"]
[WhiteFideId "30952530"]
[BlackFideId "2012782"]
[EventDate "2024.03.12"]
[EventType "k.o."]

1. d4 Nf6 2. c4 g6 3. Nc3 Bg7 4. e4 d6 5. h3 O-O 6. Be3 Na6 7. Be2 e5 8. d5 Nc5
9. Qc2 a5 10. g4 c6 11. g5 Nh5 12. Bxh5 gxh5 13. O-O-O f5 14. gxf6 Qxf6 15. Nge2
Bh6 16. Kb1 Bxe3 17. fxe3 Bd7 18. Ng3 h4 19. Rdf1 Qh6 20. Nf5 Bxf5 21. exf5 Qxe3
22. f6 Kh8 23. f7 Qd3 24. Qxd3 Nxd3 25. Ne4 cxd5 26. cxd5 Nf4 27. Nxd6 Rad8 28.
Nc4 Rxd5 29. Nxe5 Ne2 30. Ng4 Ng3 31. Nf6 Rdd8 32. Rd1 Nxh1 33. Rxh1 Rxf7 34.
Ne4 Re7 35. Nc3 Rd3 36. Kc2 Rg3 37. a4 Kg7 38. Kb1 Kg6 39. Rd1 Rxh3 40. Nd5 Re4
41. Rf1 Rh2 42. Rf6+ Kg5 43. Rb6 h3 44. Rxb7 h5 45. Rg7+ Kf5 46. Rg1 Rg2 47.
Rf1+ Ke5 48. Nc3 h2 49. Nxe4 Kxe4 50. Re1+ Kf3 51. Ka2 Rg1 0-1

[Event "American Cup Champ w"]
[Site "Saint Louis USA"]
[Date "2024.03.13"]
[Round "1.2"]
[White "Abrahamyan, Tatev"]
[Black "Lee, Alice"]
[Result "0-1"]
[WhiteTitle "WGM"]
[BlackTitle "IM"]
[WhiteElo "2308"]
[BlackElo "2356"]
[WhiteFideId "13301918"]
[BlackFideId "30941822"]
[EventDate "2024.03.12"]
[EventType "k.o."]

1. e4 e5 2. Nf3 Nf6 3. d4 Nxe4 4. dxe5 d5 5. Nbd2 Nxd2 6. Bxd2 c5 7. c3 Nc6 8.
Bd3 Be7 9. O-O Bg4 10. Re1 Qd7 11. h3 Bf5 12. Qc2 Bxd3 13. Qxd3 O-O 14. Ng5 Bxg5
15. Bxg5 Rfe8 16. f4 d4 17. Rad1 Qd5 18. Qg3 Kh8 19. Qh4 Qe6 20. g4 Qxa2 21. Qg3
Qxb2 22. f5 Qxc3 23. Rd3 Qc4 24. f6 Nxe5 25. fxg7+ Kg8 26. Rdd1 Qc3 27. Qxc3
dxc3 28. Kf2 c4 0-1

[Event "American Cup Champ w"]
[Site "Saint Louis USA"]
[Date "2024.03.13"]
[Round "1.3"]
[White "Paikidze, Nazi"]
[Black "Zatonskih, Anna"]
[Result "1/2-1/2"]
[WhiteTitle "IM"]
[BlackTitle "IM"]
[WhiteElo "2319"]
[BlackElo "2348"]
[WhiteFideId "13603620"]
[BlackFideId "14101572"]
[EventDate "2024.03.12"]
[EventType "k.o."]

1. d4 d5 2. c4 e6 3. Nc3 Nf6 4. g3 Be7 5. Bg2 O-O 6. Nf3 a5 7. O-O c6 8. Ne5
Nfd7 9. Nxd7 Nxd7 10. e4 dxc4 11. Qe2 b5 12. e5 b4 13. Ne4 Nb6 14. Rd1 Ra7 15.
h4 Ba6 16. Qg4 Kh8 17. Bg5 Nd5 18. Bf1 f5 19. exf6 gxf6 20. Bh6 Rg8 21. Qf3 Qe8
22. h5 f5 23. Nd2 c3 24. bxc3 bxc3 25. Bxa6 Rxa6 26. Nc4 Bf6 27. Rac1 Rg4 28.
Ne3 Qxh5 29. Nxd5 cxd5 30. Bf4 Rc6 31. Kg2 c2 32. Rd2 Qe8 33. Rdxc2 Rxc2 34.
Rxc2 Bxd4 35. Qd3 Bf6 36. Qa6 Rg8 37. Re2 Bg7 38. Rxe6 Qa8 39. Be5 d4+ 40. Qxa8
Rxa8 41. Bxg7+ Kxg7 42. Rd6 Rc8 43. Rxd4 Rc5 44. a4 Kf6 45. Rh4 Kg6 46. Rd4 Kf6
47. Rh4 Kg6 48. Rd4 Kg5 49. Rh4 h6 50. Rd4 h5 51. Rd6 h4 52. gxh4+ Kxh4 53. Rd4+
Kg5 54. Kg3 Rc3+ 55. f3 Ra3 56. Rc4 Ra1 57. Rd4 Ra2 58. Rc4 Ra3 59. Rd4 Ra1 60.
Rc4 Ra3 61. Rd4 Ra1 62. Rc4 Ra3 63. Rd4 Ra1 64. Rc4 1/2-1/2

[Event "American Cup Champ w"]
[Site "Saint Louis USA"]
[Date "2024.03.13"]
[Round "1.3"]
[White "Tang, Zoey"]
[Black "Krush, Irina"]
[Result "0-1"]
[WhiteTitle "FM"]
[BlackTitle "GM"]
[WhiteElo "2253"]
[BlackElo "2421"]
[WhiteFideId "30952530"]
[BlackFideId "2012782"]
[EventDate "2024.03.12"]
[EventType "k.o."]

1. d4 Nf6 2. c4 e6 3. Nf3 Bb4+ 4. Bd2 a5 5. a3 Bxd2+ 6. Qxd2 d6 7. Nc3 Nbd7 8.
e4 e5 9. Be2 O-O 10. O-O Re8 11. b4 exd4 12. Qxd4 Qe7 13. Bd3 Ne5 14. Nxe5 dxe5
15. Qe3 axb4 16. axb4 Rxa1 17. Rxa1 Qxb4 18. Be2 Qe7 19. h3 c6 20. Na4 h6 21.
Nb6 Be6 22. Ra5 Qc7 23. c5 Rd8 24. Ra7 Rd4 25. Ba6 Qe7 26. Rxb7 Qxc5 27. Kh2
Nxe4 28. Bd3 f5 29. Bxe4 fxe4 30. Qg3 g5 31. h4 Rd3 32. Na4 Qd4 33. Rb8+ Kf7 34.
Rb7+ Kf6 35. hxg5+ hxg5 36. f3 Rd1 0-1

[Event "American Cup Champ w"]
[Site "Saint Louis USA"]
[Date "2024.03.13"]
[Round "1.3"]
[White "Yu, Jennifer"]
[Black "Tokhirjonova, Gulrukhbegim"]
[Result "1/2-1/2"]
[WhiteTitle "FM"]
[BlackTitle "WGM"]
[WhiteElo "2279"]
[BlackElo "2365"]
[WhiteFideId "2078341"]
[BlackFideId "14203626"]
[EventDate "2024.03.12"]
[EventType "k.o."]

1. d4 Nf6 2. c4 e6 3. Nf3 d5 4. Nc3 c6 5. e3 Nbd7 6. Qc2 Bd6 7. b3 O-O 8. Be2
Re8 9. Bb2 b6 10. O-O Bb7 11. Rfd1 Qe7 12. h3 Rac8 13. a4 a5 14. e4 dxe4 15.
Nxe4 Nxe4 16. Qxe4 Nf8 17. Qe3 c5 18. Rd3 Ng6 19. Ne5 Bxe5 20. dxe5 Rcd8 21.
Rad1 Rxd3 22. Rxd3 Rd8 23. g3 Bc6 24. h4 Rxd3 25. Bxd3 Qd7 26. f3 h6 27. Kf2 Qd8
28. Ke2 Ne7 29. g4 Ng6 30. Bxg6 fxg6 31. g5 hxg5 32. hxg5 Kf7 33. Bc3 Qh8 34.
Qf4+ Ke7 35. Qd2 Qh2+ 36. Ke3 Qxd2+ 37. Bxd2 Kd7 38. Bc3 Bb7 39. Be1 Bc6 40. Bc3
Bb7 41. Bd2 Bc6 42. Bc3 Bb7 43. Bd2 Bc6 44. Bc3 Bb7 1/2-1/2

[Event "American Cup Champ w"]
[Site "Saint Louis USA"]
[Date "2024.03.13"]
[Round "1.3"]
[White "Abrahamyan, Tatev"]
[Black "Lee, Alice"]
[Result "1/2-1/2"]
[WhiteTitle "WGM"]
[BlackTitle "IM"]
[WhiteElo "2308"]
[BlackElo "2356"]
[WhiteFideId "13301918"]
[BlackFideId "30941822"]
[EventDate "2024.03.12"]
[EventType "k.o."]

1. e4 e5 2. Nf3 Nf6 3. d4 Nxe4 4. dxe5 d5 5. Nbd2 Qd7 6. Be2 Nc6 7. O-O Be7 8.
c3 O-O 9. Bd3 Qf5 10. Re1 Rd8 11. Nf1 Nxe5 12. Ng3 Qf6 13. Nxe5 Qxe5 14. f3 Bc5+
15. Be3 Qg5 16. Qc1 Nxg3 17. Bxc5 Qxc1 18. Raxc1 Nf5 19. Re5 g6 20. g4 Ng7 21.
Be7 Re8 22. Rce1 c6 23. Kf2 Bd7 24. Kg3 Ne6 25. Bd6 Nf8 26. f4 f6 27. Re7 Rxe7
28. Rxe7 Re8 29. f5 g5 30. Kf3 Rxe7 31. Bxe7 Kf7 32. Bd6 Bc8 33. Ke3 Nd7 34. Kd4
b6 35. b4 b5 36. Be2 Bb7 37. Bd3 a6 38. Be2 Ba8 39. Bd3 Bb7 40. Be2 Ba8 41. Bd3
Bb7 1/2-1/2

[Event "American Cup Champ w"]
[Site "Saint Louis USA"]
[Date "2024.03.13"]
[Round "1.4"]
[White "Krush, Irina"]
[Black "Tang, Zoey"]
[Result "1-0"]
[WhiteTitle "GM"]
[BlackTitle "FM"]
[WhiteElo "2421"]
[BlackElo "2253"]
[WhiteFideId "2012782"]
[BlackFideId "30952530"]
[EventDate "2024.03.12"]
[EventType "k.o."]

1. d4 Nf6 2. c4 c5 3. d5 b5 4. cxb5 a6 5. b6 Qxb6 6. Nc3 d6 7. e4 g6 8. Nf3 Bg7
9. a4 Bg4 10. a5 Qc7 11. Be2 Bxf3 12. Bxf3 O-O 13. O-O Nbd7 14. Be2 Rfb8 15. Qc2
e6 16. dxe6 fxe6 17. Bc4 Nf8 18. e5 dxe5 19. Bg5 Rb4 20. b3 Rbb8 21. Bxf6 Bxf6
22. Ne4 Bg7 23. Qe2 Qe7 24. Rfd1 Rd8 25. Rxd8 Qxd8 26. g3 Kh8 27. h4 h6 28. h5
g5 29. Bxa6 Qd4 30. Rd1 Qb4 31. Bc4 Qxa5 32. Qe3 Rc8 33. Nd6 Rb8 34. Ne4 Rc8 35.
Nd6 Rc7 36. Ne8 Re7 37. Nxg7 Rxg7 38. Qxe5 Qb6 39. Qf6 Nh7 40. Rd8+ 1-0

[Event "American Cup Champ w"]
[Site "Saint Louis USA"]
[Date "2024.03.14"]
[Round "2.1"]
[White "Krush, Irina"]
[Black "Paikidze, Nazi"]
[Result "1-0"]
[WhiteTitle "GM"]
[BlackTitle "IM"]
[WhiteElo "2421"]
[BlackElo "2319"]
[WhiteFideId "2012782"]
[BlackFideId "13603620"]
[EventDate "2024.03.12"]
[EventType "k.o."]

1. c4 e6 2. Nc3 d5 3. d4 Bb4 4. a3 Bxc3+ 5. bxc3 Nf6 6. e3 O-O 7. cxd5 exd5 8.
Bd3 c5 9. Ne2 b6 10. O-O Ba6 11. f3 Re8 12. Ng3 Bxd3 13. Qxd3 Nc6 14. Bb2 Qd7
15. e4 dxe4 16. fxe4 Ne5 17. Qe2 Ng6 18. Rxf6 gxf6 19. Nh5 Re6 20. d5 Rd6 21. c4
Ne5 22. h3 Qe7 23. Rf1 Re8 24. Ng3 Qf8 25. Nf5 Kh8 26. Qh5 b5 27. Nh6 Kg7 28.
cxb5 c4 29. Ng4 Qe7 30. Nxe5 c3 31. Bxc3 Qc7 32. Nc6 Rxe4 33. Qg5+ Kf8 34. Bxf6 1-0

[Event "American Cup Champ w"]
[Site "Saint Louis USA"]
[Date "2024.03.14"]
[Round "2.1"]
[White "Tokhirjonova, Gulrukhbegim"]
[Black "Lee, Alice"]
[Result "0-1"]
[WhiteTitle "WGM"]
[BlackTitle "IM"]
[WhiteElo "2365"]
[BlackElo "2356"]
[WhiteFideId "14203626"]
[BlackFideId "30941822"]
[EventDate "2024.03.12"]
[EventType "k.o."]

1. c4 e6 2. g3 d5 3. Bg2 Nf6 4. Nf3 Be7 5. O-O O-O 6. b3 d4 7. Bb2 c5 8. e3 Nc6
9. exd4 cxd4 10. Re1 a5 11. Na3 Re8 12. d3 Bb4 13. Re2 e5 14. Nb5 Bg4 15. h3 Bh5
16. a3 Bc5 17. g4 Bg6 18. Nh4 Nd7 19. Nxg6 hxg6 20. Qd2 Nf8 21. f4 Qd7 22. f5
gxf5 23. gxf5 Nh7 24. Rf1 Nf6 25. Bf3 e4 26. Bxe4 Nxe4 27. Rxe4 Rxe4 28. dxe4
Re8 29. Qg2 f6 30. Kh1 Qe7 31. Rf4 Rd8 32. Bc1 Ne5 33. Rf1 Nd3 34. Bd2 b6 35.
Qf3 Ne5 36. Qg3 a4 37. Bh6 axb3 38. Rg1 g5 39. fxg6 d3 40. Rd1 Nxc4 41. Nc3 b2
42. Qf3 Ne5 43. Qg2 Qe6 44. Nd5 Rxd5 45. exd5 Qf5 46. d6 Nf3 47. d7 Be7 48. Qg4
Qd5 49. Qg2 Qf5 50. g7 d2 51. Qg3 Bd8 52. Qg4 Qd5 53. Qg2 b1=Q 0-1

[Event "American Cup Champ w"]
[Site "Saint Louis USA"]
[Date "2024.03.14"]
[Round "2.2"]
[White "Paikidze, Nazi"]
[Black "Krush, Irina"]
[Result "0-1"]
[WhiteTitle "IM"]
[BlackTitle "GM"]
[WhiteElo "2319"]
[BlackElo "2421"]
[WhiteFideId "13603620"]
[BlackFideId "2012782"]
[EventDate "2024.03.12"]
[EventType "k.o."]

1. d4 Nf6 2. Nf3 e6 3. g3 b5 4. Bg2 Bb7 5. O-O Be7 6. c4 bxc4 7. Qa4 O-O 8. Qxc4
d5 9. Qb3 Ba6 10. Nc3 Nbd7 11. Qa4 Bb7 12. b4 Nb6 13. Qb3 a5 14. bxa5 Rxa5 15.
Ne5 Nfd7 16. Nd3 Ba6 17. Qc2 c5 18. dxc5 Nxc5 19. Nb4 Bb7 20. Rb1 Qc7 21. Rd1
Rc8 22. a3 Ncd7 23. Rb3 Bf6 24. Bd2 Rc5 25. Nd3 Rc4 26. Rc1 d4 27. Nb5 Rxc2 28.
Nxc7 Rxc1+ 29. Bxc1 Bxg2 30. Kxg2 Rxc7 31. Bf4 Rc3 32. Rb5 Rxa3 33. Nc5 h6 34.
Bd6 Ra2 35. Kf3 Nxc5 36. Rxb6 Na4 37. Rb8+ Kh7 38. Rb7 Kg6 39. h4 h5 40. Rb1
Rxe2 41. Bb4 Rb2 0-1

[Event "American Cup Champ w"]
[Site "Saint Louis USA"]
[Date "2024.03.14"]
[Round "2.2"]
[White "Lee, Alice"]
[Black "Tokhirjonova, Gulrukhbegim"]
[Result "1-0"]
[WhiteTitle "IM"]
[BlackTitle "WGM"]
[WhiteElo "2356"]
[BlackElo "2365"]
[WhiteFideId "30941822"]
[BlackFideId "14203626"]
[EventDate "2024.03.12"]

1. d4 d5 2. c4 e6 3. Nf3 Nf6 4. g3 dxc4 5. Bg2 Bb4+ 6. Bd2 a5 7. Qc2 c5 8. Qxc4
b6 9. a3 Ba6 10. Qc2 Bxd2+ 11. Nbxd2 Nbd7 12. Rd1 Rc8 13. Ne4 Nxe4 14. Qxe4 O-O
15. dxc5 Nxc5 16. Qe3 Qe8 17. O-O Qa4 18. Nd4 Rfd8 19. b4 e5 20. Qxe5 Re8 21.
Qd6 axb4 22. axb4 Qxb4 23. Nc6 Qb2 24. Ne7+ Rxe7 25. Qxe7 g6 26. Bf3 Bc4 27. Rb1
Qd4 28. Rfd1 Qc3 29. Rd8+ Rxd8 30. Qxd8+ Kg7 31. Qxb6 Nb3 32. Qe3 Qxe3 33. fxe3
Be6 34. Rd1 Nc5 35. Bd5 Bg4 36. Rc1 Nd7 37. Kf2 Ne5 38. Ke1 h5 39. Rc7 Kf6 40.
Kd2 g5 41. e4 h4 42. gxh4 gxh4 43. Ke3 Bh3 44. Ra7 Ng4+ 45. Kf4 Nxh2 46. e5+ Kg6
47. Bxf7+ Kh6 48. e6 Kg7 49. Kg5 Bf1 50. Bh5+ 1-0

[Event "American Cup Champ w"]
[Site "Saint Louis USA"]
[Date "2024.03.15"]
[Round "2.3"]
[White "Paikidze, Nazi"]
[Black "Krush, Irina"]
[Result "1-0"]
[WhiteTitle "IM"]
[BlackTitle "GM"]
[WhiteElo "2319"]
[BlackElo "2421"]
[WhiteFideId "13603620"]
[BlackFideId "2012782"]
[EventDate "2024.03.12"]
[EventType "k.o."]

1. e4 c5 2. Nc3 e6 3. g3 Nc6 4. Bg2 g6 5. d3 Bg7 6. Be3 d6 7. Qd2 Qd7 8. O-O-O
Rb8 9. f4 Nge7 10. g4 b5 11. f5 Nd4 12. Nce2 Nec6 13. Nxd4 Nxd4 14. c3 Nc6 15.
Nf3 b4 16. c4 Nd4 17. Bxd4 cxd4 18. Kb1 O-O 19. h4 Qe7 20. Rde1 e5 21. g5 gxf5
22. exf5 Bxf5 23. Nxd4 Bd7 24. h5 h6 25. gxh6 Bf6 26. Bh3 Kh7 27. Qf2 Bg5 28.
Bf5+ Kh8 29. Bxd7 Qxd7 30. Qf5 Qxf5 31. Nxf5 Rb6 32. Rhg1 f6 33. d4 b3 34. axb3
Rxb3 35. Nxd6 Bxh6 36. d5 Kh7 37. c5 Rfb8 38. Rg2 Bf8 39. Ne4 Bg7 40. c6 f5 41.
Ng5+ Kh6 42. Ne6 Bh8 43. c7 Rc8 44. Rh1 1-0

[Event "American Cup Champ w"]
[Site "Saint Louis USA"]
[Date "2024.03.15"]
[Round "2.3"]
[White "Lee, Alice"]
[Black "Tokhirjonova, Gulrukhbegim"]
[Result "1-0"]
[WhiteTitle "IM"]
[BlackTitle "WGM"]
[WhiteElo "2356"]
[BlackElo "2365"]
[WhiteFideId "30941822"]
[BlackFideId "14203626"]
[EventDate "2024.03.12"]
[EventType "k.o."]

1. d4 Nf6 2. c4 e6 3. Nf3 b6 4. a3 Bb7 5. Nc3 Be7 6. d5 O-O 7. e4 d6 8. Bd3 a5
9. Nd4 Qd7 10. Bc2 c5 11. Ndb5 exd5 12. exd5 Ng4 13. Bf4 Ne5 14. O-O f5 15. Re1
Ng6 16. Qd2 Qd8 17. Rxe7 Nxe7 18. Nxd6 Ba6 19. Re1 Ra7 20. Ndb5 Rd7 21. Bc7 Rxc7
22. Nxc7 Qxc7 23. d6 Qd8 24. Rxe7 Bxc4 25. Qf4 Bf7 26. Qxf5 g6 27. Qf4 Nc6 28.
Qf6 Nd4 29. Ne4 Ne6 30. Bb3 c4 31. Bxc4 Qc8 32. Qxe6 Qxc4 33. Nf6+ 1-0

[Event "American Cup Champ w"]
[Site "Saint Louis USA"]
[Date "2024.03.15"]
[Round "2.4"]
[White "Krush, Irina"]
[Black "Paikidze, Nazi"]
[Result "1-0"]
[WhiteTitle "GM"]
[BlackTitle "IM"]
[WhiteElo "2421"]
[BlackElo "2319"]
[WhiteFideId "2012782"]
[BlackFideId "13603620"]
[EventDate "2024.03.12"]
[EventType "k.o."]

1. d4 g6 2. c4 Bg7 3. e4 d6 4. Nc3 Nd7 5. Nf3 c5 6. d5 Ngf6 7. Be2 a6 8. a4 O-O
9. O-O Ne8 10. Bf4 Ne5 11. Nxe5 dxe5 12. Be3 Qc7 13. a5 Bd7 14. Qc2 Nd6 15. Rfb1
f5 16. f3 fxe4 17. Nxe4 Bf5 18. b4 cxb4 19. c5 Bxe4 20. fxe4 Nb5 21. Bxb5 axb5
22. Qa2 Qd7 23. Rxb4 Kh8 24. Qe2 Ra6 25. Rxb5 Rfa8 26. Rab1 Rxa5 27. Rxb7 Qe8
28. c6 Ra1 29. Qd1 Rxb1 30. Qxb1 e6 31. c7 Rc8 32. Rb8 1-0

[Event "American Cup Champ w"]
[Site "Saint Louis USA"]
[Date "2024.03.17"]
[Round "3.1"]
[White "Krush, Irina"]
[Black "Lee, Alice"]
[Result "1-0"]
[WhiteTitle "GM"]
[BlackTitle "IM"]
[WhiteElo "2421"]
[BlackElo "2356"]
[WhiteFideId "2012782"]
[BlackFideId "30941822"]
[EventDate "2024.03.12"]
[EventType "k.o."]

1. Nf3 d5 2. g3 Nf6 3. Bg2 e6 4. O-O Be7 5. d3 O-O 6. Nbd2 c5 7. e4 Nc6 8. Re1
a6 9. e5 Nd7 10. Nf1 b5 11. h4 Bb7 12. N1h2 Rc8 13. Ng4 c4 14. d4 c3 15. b3 a5
16. a3 Qe8 17. Qd3 h5 18. Ngh2 b4 19. a4 Nd8 20. Bg5 f5 21. exf6 Nxf6 22. Ne5
Ne4 23. Bxe7 Qxe7 24. f4 Rf6 25. Nf1 Nf7 26. Qe2 g6 27. Bxe4 dxe4 28. Ne3 Nxe5
29. dxe5 Rf7 30. Rad1 Rd8 31. Kh2 Kg7 32. Nc4 Rxd1 33. Rxd1 Rf8 34. Nd6 Rd8 35.
Qb5 e3 36. Re1 Bd5 37. Qxa5 Ra8 38. Qxb4 g5 39. Nf5+ 1-0

[Event "American Cup Champ w"]
[Site "Saint Louis USA"]
[Date "2024.03.17"]
[Round "3.2"]
[White "Lee, Alice"]
[Black "Krush, Irina"]
[Result "1/2-1/2"]
[WhiteTitle "IM"]
[BlackTitle "GM"]
[WhiteElo "2356"]
[BlackElo "2421"]
[WhiteFideId "30941822"]
[BlackFideId "2012782"]
[EventDate "2024.03.12"]
[EventType "k.o."]

1. d4 Nf6 2. c4 e6 3. Nf3 Bb4+ 4. Bd2 Qe7 5. e3 b6 6. Bd3 Bxd2+ 7. Qxd2 Bb7 8.
Nc3 c5 9. e4 cxd4 10. Nxd4 Nc6 11. Nxc6 dxc6 12. Qg5 e5 13. O-O O-O 14. Ne2 h6
15. Qe3 Rad8 16. Rfd1 Bc8 17. Rac1 Be6 18. a3 Rd7 19. h3 Rfd8 20. b4 Nh5 21. Qf3
Qg5 22. Kf1 c5 23. b5 Nf4 24. Nxf4 exf4 25. Rc3 Qe5 26. Rdc1 Rd4 27. a4 f6 28.
Qe2 Bf7 29. f3 Qd6 30. Rd1 Kf8 31. Ke1 Bxc4 32. Rxc4 Rxd3 33. Rxd3 Qxd3 34. h4
Qb1+ 35. Kf2 Qh1 36. e5 Rd1 37. Rxf4 Qg1+ 38. Kg3 Re1 39. Qd3 Rxe5 40. Qd8+ Kf7
41. Qd7+ Re7 42. Qd5+ Kf8 43. Qd8+ Kf7 44. Qd5+ Kf8 45. Qd8+ Kf7 46. Qd5+ Kf8
47. Qd8+ 1/2-1/2